Germany States by Abbreviation - Statistics

General Stats
  • This quiz has been taken 169 times
    153 since last reset
  • The average score is 11 of 16
Answers on the Map
Answers color-coded by a green-red scale on the quiz's map according to % correct below.
 
Answer Stats
Abbv State % Correct
BE Berlin
95%
BW Baden-Württemberg
79%
NW North Rhine-Westphalia
78%
BY Bavaria
77%
SL Saarland
77%
TH Thuringia
74%
HB Bremen
72%
HE Hesse
72%
SH Schleswig-Holstein
71%
MV Mecklenburg-Vorpommern
69%
BB Brandenburg
68%
SN Saxony
68%
RP Rhineland-Palatinate
63%
HH Hamburg
51%
ST Saxony-Anhalt
48%
NI Lower Saxony
42%
No matching quizzes found
Score Distribution
Percent of People with Each Score
Percentile by Number Answered
Your Score History
You have not taken this quiz since the last reset